LEADER 01066cam0 2200277 450 001 E600200049516 005 20160210120349.0 100 $a20090526d1973 |||||ita|0103 ba 101 $aita 102 $aIT 200 1 $aProcessi contro cristiani negli atti dei martiri$etesto adottato per la parte speciale del corso di esegesi delle fonti del diritto romano$eGenova, anno accademico 1972-73$fGiuliana Lanata 210 $aTorino$cGiappichelli$d1973 215 $a182 p.$d25 cm 225 2 $aCorsi universitari 300 $a(mm) 410 1$1001LAEC00017835$12001 $a*Corsi universitari 700 1$aLanata$b, Giuliana$3AF00019034$4070$0168772 801 0$aIT$bUNISOB$c20160210$gRICA 850 $aUNISOB 852 $aUNISOB$jFondo|Casavola$m144101 912 $aE600200049516 940 $aM 102 Monografia moderna SBN 941 $aM 957 $aFondo|Casavola$b000175$gSi$d144101$hCasavola$rdono$1menle$2UNISOB$3UNISOB$420090526150309.0$520160210120349.0$6petrellap 996 $aProcessi contro cristiani negli Atti dei martiri$9691502 997 $aUNISOB